[Event "Pillsbury U1600"]
[Site "Gatineau CAN"]
[Date "2026.01.27"]
[Round "3"]
[White "Bolduc, Christian"]
[Black "Brown, Benjamin"]
[Result "1-0"]
[WhiteElo "1063"]
[BlackElo "1033"]
[WhiteFideId "-1"]
[BlackFideId "-1"]
[PlyCount "55"]
[GameId "2274170420461595"]
[EventDate "2026.01.05"]
[EventType "swiss"]
[EventRounds "7"]
[EventCountry "CAN"]

1. e4 e5 2. Nf3 Nc6 3. Nc3 Nf6 4. Bc4 Bc5 5. Ng5 O-O 6. O-O d6 7. d3 h6 8. Nf3 Nd4 9. Nxd4 Bxd4 10. Nb5 Bg4 11. Qe1 c5 12. c3 a6 13. Na3 b5 14. Bd5 Nxd5 15. exd5 b4 16. Nc2 bxc3 17. bxc3 Qa5 18. cxd4 Qxe1 19. Rxe1 Rae8 20. dxc5 dxc5 21. Ba3 Rc8 22. Ne3 Bd7 23. d6 Rfe8 24. Nc4 e4 25. dxe4 Red8 26. Nb6 Rc6 27. Nxd7 Rxd7 28. e5 1-0

[Event "Pillsbury U1600"]
[Site "Gatineau CAN"]
[Date "2026.02.10"]
[Round "5"]
[White "Hourigan, Phelan"]
[Black "Lattafi, Ilias"]
[Result "1-0"]
[WhiteElo "1107"]
[BlackElo "1213"]
[WhiteFideId "-1"]
[BlackFideId "-1"]
[PlyCount "129"]
[GameId "2276706194714636"]
[EventDate "2026.01.05"]
[EventType "swiss"]
[EventRounds "7"]
[EventCountry "CAN"]

1. e4 d5 2. exd5 Qxd5 3. Nc3 Qa5 4. d4 Nf6 5. Nf3 Bf5 6. Bd2 c6 7. Bc4 Nbd7 8. Nd5 Qd8 9. Nxf6+ Nxf6 10. O-O e6 11. c3 Bd6 12. Qe2 O-O 13. Bg5 h6 14. Bh4 Qc7 15. Bxf6 gxf6 16. Qe3 Kg7 17. Bd3 Bxd3 18. Qxd3 f5 19. Rfe1 c5 20. Re2 Rae8 21. Rae1 f6 22. g3 cxd4 23. Rxe6 Rxe6 24. Rxe6 Qd7 25. Nxd4 Kg6 26. Qxf5+ Kg7 27. Qg4+ Kh7 28. Qf5+ Kg7 29. Re4 Rd8 30. Qxd7+ Rxd7 31. Nf5+ Kg6 32. Nxd6 Rxd6 33. Re7 Rb6 34. b4 a6 35. Kg2 Kg5 36. Kh3 f5 37. f4+ Kf6 38. Rh7 Kg6 39. Re7 Kf6 40. Re5 Rc6 41. Re3 Rc7 42. a4 b6 43. Rd3 Ke6 44. Kh4 h5 45. Kg5 Rg7+ 46. Kxh5 Kf7 47. Rd7+ Kf8 48. Rxg7 Kxg7 49. Kg5 Kf7 50. Kxf5 Kg7 51. Kg5 Kf7 52. h4 Kg7 53. h5 Kh7 54. f5 b5 55. axb5 axb5 56. Kf6 Kg8 57. Ke7 Kh8 58. f6 Kg8 59. f7+ Kh7 60. h6 Kg6 61. f8=Q Kg5 62. h7 Kg6 63. h8=Q Kg5 64. Qhg7+ Kh5 65. Qfh8# 1-0

[Event "Pillsbury U1600"]
[Site "Gatineau CAN"]
[Date "2026.02.03"]
[Round "4"]
[White "Chenard, Paul"]
[Black "Helbert, Elodie"]
[Result "0-1"]
[WhiteElo "971"]
[BlackElo "1112"]
[WhiteFideId "-1"]
[BlackFideId "-1"]
[PlyCount "104"]
[GameId "2276706194956309"]
[EventDate "2026.01.05"]
[EventType "swiss"]
[EventRounds "7"]
[EventCountry "CAN"]

1. d4 Nf6 2. Nc3 d5 3. f3 e6 4. Be3 h6 5. a3 Nc6 6. Bf4 Bd6 7. Qd2 Nh5 8. Nh3 Qf6 9. e3 Bd7 10. O-O-O O-O-O 11. Bxd6 cxd6 12. Nb5 Rde8 13. Nxd6+ Kd8 14. Nxb7+ Kc7 15. Ba6 e5 16. Na5 Rb8 17. Nxc6 Qxc6 18. Bd3 Rb6 19. Kb1 Rhb8 20. b4 a5 21. c3 Ra8 22. Rc1 Qa4 23. Ka2 Kd8 24. Bc2 Qc6 25. e4 Nf6 26. dxe5 a4 27. Nf4 Qc4+ 28. Kb2 Be6 29. Bd3 Qb3+ 30. Ka1 Qxa3+ 31. Qa2 Qxa2+ 32. Kxa2 d4+ 33. c4 Rxb4 34. Nxe6+ fxe6 35. exf6 a3 36. c5 gxf6 37. c6 Kc7 38. Bc4 Rb2+ 39. Ka1 Rd2 40. Rc2 Rxc2 41. Rb1 Rxc4 42. Rb7+ Kxc6 43. Re7 Rc1+ 44. Ka2 Rc2+ 45. Kb3 d3 46. Rxe6+ Kc5 47. Rxf6 a2 48. Rf5+ Kd4 49. Rd5+ Ke3 50. f4 a1=Q 51. Rxd3+ Kxd3 52. e5 Rb8# 0-1

[Event "Pillsbury U1600"]
[Site "Gatineau CAN"]
[Date "2026.02.03"]
[Round "4"]
[White "Patry, Onil"]
[Black "Arcand, Pierre"]
[Result "1-0"]
[WhiteElo "1205"]
[BlackElo "1250"]
[WhiteFideId "-1"]
[BlackFideId "-1"]
[PlyCount "109"]
[GameId "2276706194997272"]
[EventDate "2026.01.05"]
[EventType "swiss"]
[EventRounds "7"]
[EventCountry "CAN"]

1. e4 e5 2. Nf3 Nc6 3. Bb5 d6 4. c3 Nf6 5. d3 Bd7 6. O-O Be7 7. Nbd2 a6 8. Ba4 O-O 9. Re1 b5 10. Bc2 Bg4 11. Nf1 Re8 12. Ng3 h6 13. h3 Be6 14. d4 exd4 15. cxd4 Bd7 16. Nh4 Nh7 17. Nhf5 Bf6 18. Be3 Bg5 19. Qd2 Bxe3 20. Rxe3 Nf6 21. Rae1 Ne7 22. e5 Nfd5 23. Rf3 Nxf5 24. Nxf5 Ne7 25. Nxh6+ gxh6 26. Qxh6 Bf5 27. Bxf5 Nxf5 28. Rxf5 Re6 29. Rg5+ Rg6 30. Rxg6+ fxg6 31. Qxg6+ Kh8 32. Re4 Qe7 33. Rh4+ Qxh4 34. e6 Qe7 35. f4 Qg7 36. Qe4 Re8 37. f5 Qf6 38. g4 Re7 39. Kg2 Kg7 40. Kg3 c5 41. dxc5 dxc5 42. h4 Qxb2 43. g5 Kg8 44. f6 Ra7 45. Qg6+ Kh8 46. e7 Qe5+ 47. Kg4 Qe6+ 48. Qf5 Rxe7 49. fxe7 Qxe7 50. h5 c4 51. h6 c3 52. Qc8+ Kh7 53. Qxc3 Qe2+ 54. Kf5 Qxa2 55. Qg7# 1-0

[Event "Pillsbury U1600"]
[Site "Gatineau CAN"]
[Date "2026.02.03"]
[Round "4"]
[White "Bergeron-Collin, Laurent"]
[Black "Gratton, Marcel"]
[Result "1-0"]
[WhiteElo "1292"]
[BlackElo "1034"]
[WhiteFideId "-1"]
[BlackFideId "-1"]
[PlyCount "41"]
[GameId "2276706195038240"]
[EventDate "2026.01.05"]
[EventType "swiss"]
[EventRounds "7"]
[EventCountry "CAN"]

1. c4 c6 2. Nc3 Nf6 3. Nf3 g6 4. d4 d6 5. h3 Bg7 6. e4 h6 7. Be3 Qb6 8. Qd2 Bd7 9. e5 Nh7 10. Rb1 Qc7 11. Bxh6 O-O 12. Bxg7 Kxg7 13. h4 Bf5 14. Rc1 Bg4 15. Ng5 dxe5 16. Be2 Be6 17. h5 f6 18. Nxe6+ Kf7 19. Nxc7 Nd7 20. hxg6+ Kg7 21. Qh6+ 1-0

[Event "Pillsbury U1600"]
[Site "Gatineau CAN"]
[Date "2026.02.10"]
[Round "5"]
[White "Helbert, Elodie"]
[Black "Patry, Onil"]
[Result "0-1"]
[WhiteElo "1112"]
[BlackElo "1205"]
[WhiteFideId "-1"]
[BlackFideId "-1"]
[PlyCount "134"]
[GameId "2278663643952053"]
[EventDate "2026.01.05"]
[EventType "swiss"]
[EventRounds "7"]
[EventCountry "CAN"]

1. d4 f5 2. Bf4 Nf6 3. Nc3 e6 4. Nf3 Bb4 5. Qd3 O-O 6. O-O-O Bxc3 7. Qxc3 d6 8. e3 a6 9. Bd3 Nd5 10. Qd2 b5 11. Bg5 Nf6 12. Rhe1 Nbd7 13. e4 fxe4 14. Bxe4 Rb8 15. Qf4 e5 16. Qf5 g6 17. Qe6+ Rf7 18. Bd5 Qf8 19. dxe5 Nxe5 20. Qxf6 Bf5 21. Nxe5 dxe5 22. Rxe5 Rb6 23. Qe7 Qxe7 24. Rxe7 Be6 25. Re8+ Kg7 26. Bxe6 h6 27. Rd7 Rxd7 28. Rg8+ Kh7 29. Re8 Rxe6 30. Rxe6 hxg5 31. Rxa6 Rd6 32. Ra5 c6 33. Ra6 Kg7 34. b4 Kf6 35. a4 Ke6 36. Ra8 bxa4 37. Rxa4 Rd4 38. Kb2 Rd2 39. b5 cxb5 40. Ra6+ Kf5 41. Ra5 Rxf2 42. Rxb5+ Kf6 43. Kb3 Rxg2 44. c4 Rxh2 45. Kb4 g4 46. Rb6+ Kf5 47. Kb5 g3 48. Kc6 g2 49. Rb1 Rh1 50. Rb5+ Kf4 51. c5 g1=Q 52. Rb6 Qg2+ 53. Kb5 Rb1+ 54. Ka6 Qa2+ 55. Kb7 Qf7+ 56. Kc6 Rxb6+ 57. Kxb6 g5 58. c6 g4 59. c7 Qxc7+ 60. Kxc7 g3 61. Kb6 g2 62. Kc5 g1=Q+ 63. Kc4 Ke4 64. Kb3 Kd4 65. Ka4 Qb1 66. Ka3 Kc4 67. Ka4 Qb4# 0-1

[Event "Pillsbury U1600"]
[Site "Gatineau CAN"]
[Date "2026.02.10"]
[Round "5"]
[White "Arcand, Pierre"]
[Black "Arruda-Ramalho, Philipe"]
[Result "1-0"]
[WhiteElo "1250"]
[BlackElo "1015"]
[WhiteFideId "-1"]
[BlackFideId "-1"]
[PlyCount "47"]
[GameId "2278663643988919"]
[EventDate "2026.01.05"]
[EventType "swiss"]
[EventRounds "7"]
[EventCountry "CAN"]

1. e4 d6 2. Nf3 c5 3. Bb5+ Bd7 4. Bxd7+ Nxd7 5. O-O e5 6. Nc3 Ngf6 7. d3 Be7 8. h3 O-O 9. Re1 Qb6 10. b3 Qb4 11. Bd2 d5 12. Nxd5 Qb5 13. Nxe7+ Kh8 14. Nd5 Nxd5 15. exd5 Nb6 16. c4 Qd7 17. Nxe5 Qf5 18. Bc3 Rfe8 19. Qf3 Qg5 20. Nxf7+ Kg8 21. Nxg5 Rxe1+ 22. Rxe1 Rf8 23. Qe4 Re8 24. Qxe8# 1-0

[Event "Pillsbury U1600"]
[Site "Gatineau CAN"]
[Date "2026.02.03"]
[Round "4"]
[White "Noumsi, Joel"]
[Black "Hourigan, Phelan"]
[Result "0-1"]
[WhiteElo "1295"]
[BlackElo "1107"]
[WhiteFideId "-1"]
[BlackFideId "-1"]
[PlyCount "72"]
[GameId "2278663644025787"]
[EventDate "2026.01.05"]
[EventType "swiss"]
[EventRounds "7"]
[EventCountry "CAN"]

1. e4 e5 2. Nf3 Nc6 3. Nc3 Nf6 4. d4 d6 5. Bb5 Bd7 6. d5 Nd4 7. Nxd4 exd4 8. Qxd4 a6 9. Bxd7+ Qxd7 10. Qb4 b5 11. Qa5 Be7 12. a4 O-O 13. axb5 Qc8 14. bxa6 Nd7 15. Nb5 Bd8 16. Ra3 c6 17. Rc3 Bxa5 18. Nxd6 Bxc3+ 19. bxc3 Qxa6 20. dxc6 Qxc6 21. Nf5 Qxc3+ 22. Bd2 Qa1+ 23. Ke2 Qxh1 24. Ne7+ Kh8 25. Bb4 Rfe8 26. Nf5 Rxe4+ 27. Kf3 Rxb4 28. Kg3 Ra3+ 29. f3 Qe1+ 30. Kh3 g6 31. Ng3 Qe6+ 32. Nf5 Qxf5+ 33. Kg3 Qg5+ 34. Kf2 Rb2 35. Kg1 Rxc2 36. h3 Qxg2# 0-1

[Event "Pillsbury U1600"]
[Site "Gatineau CAN"]
[Date "2026.02.03"]
[Round "4"]
[White "Arruda-Ramalho, Philipe"]
[Black "Bolduc, Christian"]
[Result "1-0"]
[WhiteElo "1015"]
[BlackElo "1060"]
[WhiteFideId "-1"]
[BlackFideId "-1"]
[PlyCount "29"]
[GameId "2278663644218304"]
[EventDate "2026.01.05"]
[EventType "swiss"]
[EventRounds "7"]
[EventCountry "CAN"]

1. e4 e5 2. Nf3 Nc6 3. Nc3 Nf6 4. Bb5 a6 5. Bxc6 bxc6 6. O-O d6 7. d4 Nd7 8. d5 cxd5 9. Qxd5 Rb8 10. Ng5 Qe7 11. Qc4 c5 12. Nd5 Qd8 13. Nc7+ Qxc7 14. Qxf7+ Kd8 15. Ne6# 1-0

[Event "Pillsbury U1600"]
[Site "Gatineau CAN"]
[Date "2026.02.17"]
[Round "6"]
[White "Arruda-Ramalho, Philipe"]
[Black "Noumsi, Joel"]
[Result "0-1"]
[WhiteElo "1015"]
[BlackElo "1295"]
[WhiteFideId "-1"]
[BlackFideId "-1"]
[PlyCount "38"]
[GameId "2281124471623262"]
[EventDate "2026.01.05"]
[EventType "swiss"]
[EventRounds "7"]
[EventCountry "CAN"]

1. d4 e6 2. e4 d5 3. e5 c5 4. Nf3 Qb6 5. c4 Nc6 6. Be3 Qxb2 7. Nbd2 cxd4 8. Nxd4 Nxd4 9. Rb1 Qc3 10. Rb3 Nxb3 11. axb3 Bb4 12. Bd3 Qxd3 13. Qg4 Bd7 14. cxd5 Bb5 15. Kd1 Bxd2 16. Bxd2 Qb1+ 17. Bc1 Rc8 18. Qf4 Qc2+ 19. Ke1 Qe2# 0-1

[Event "Pillsbury U1600"]
[Site "Gatineau CAN"]
[Date "2026.02.17"]
[Round "6"]
[White "Weckauf, Linus"]
[Black "Gratton, Marcel"]
[Result "0-1"]
[WhiteElo "875"]
[BlackElo "1034"]
[WhiteFideId "-1"]
[BlackFideId "-1"]
[PlyCount "88"]
[GameId "2281124471844456"]
[EventDate "2026.01.05"]
[EventType "swiss"]
[EventRounds "7"]
[EventCountry "CAN"]

1. e4 c6 2. d4 d5 3. e5 c5 4. dxc5 Qa5+ 5. b4 Qxb4+ 6. c3 Qxc5 7. Ba3 Qc7 8. f4 Nc6 9. Bb5 Bd7 10. Bxc6 Bxc6 11. h3 g6 12. Nf3 Bh6 13. Nd4 Bd7 14. Qe2 Bxf4 15. Nb5 Qxe5 16. g3 Qxe2+ 17. Kxe2 Bxg3 18. Nc7+ Bxc7 19. Re1 O-O-O 20. Bxe7 Nxe7 21. Kf3 Bxh3 22. Rxe7 Bd6 23. Rxf7 Rdf8 24. Rxf8+ Rxf8+ 25. Ke3 Re8+ 26. Kf3 Bf5 27. Nd2 h5 28. a4 Be5 29. Re1 Bd7 30. a5 Bxc3 31. Rxe8+ Bxe8 32. Nb3 Bc6 33. Ke3 Ba4 34. Kd3 Bxb3 35. Kxc3 Bd1 36. Kd2 Ba4 37. Kc3 h4 38. Kb4 h3 39. Kxa4 h2 40. Kb4 h1=Q 41. Kc3 g5 42. Kd4 Qe4+ 43. Kc5 Kc7 44. a6 Qc4# 0-1

[Event "Pillsbury U1600"]
[Site "Gatineau CAN"]
[Date "2026.02.17"]
[Round "6"]
[White "Lattafi, Ilias"]
[Black "Patry, Onil"]
[Result "0-1"]
[WhiteElo "1213"]
[BlackElo "1205"]
[WhiteFideId "-1"]
[BlackFideId "-1"]
[PlyCount "40"]
[GameId "2281124471852650"]
[EventDate "2026.01.05"]
[EventType "swiss"]
[EventRounds "7"]
[EventCountry "CAN"]

1. d4 c5 2. Nf3 d6 3. Bf4 Nf6 4. Nbd2 e6 5. e3 Nc6 6. c3 Be7 7. Bd3 O-O 8. O-O Ng4 9. h3 Nf6 10. Qc2 b5 11. b3 a6 12. Ng5 g6 13. Ndf3 Nh5 14. Rad1 f5 15. e4 Nxf4 16. dxc5 Bxg5 17. exf5 exf5 18. cxd6 Bf6 19. c4 Nxd3 20. Rxd3 Nb4 0-1

[Event "Pillsbury U1600"]
[Site "Gatineau CAN"]
[Date "2026.02.24"]
[Round "7"]
[White "Gratton, Marcel"]
[Black "Chenard, Paul"]
[Result "1-0"]
[WhiteElo "1034"]
[BlackElo "971"]
[WhiteFideId "-1"]
[BlackFideId "-1"]
[PlyCount "55"]
[GameId "2281831754514537"]
[EventDate "2026.01.05"]
[EventType "swiss"]
[EventRounds "7"]
[EventCountry "CAN"]

1. d4 f5 2. Bf4 Nc6 3. e3 Nf6 4. h3 h6 5. Nc3 g5 6. Bg3 d5 7. Nb5 f4 8. exf4 Ne4 9. Qh5+ Kd7 10. fxg5 Nxg5 11. Qg4+ e6 12. Nxc7 Bb4+ 13. c3 Ba5 14. Nxa8 Ke7 15. Nf3 e5 16. Qh4 Qg8 17. dxe5 Be6 18. Be2 Qxa8 19. Nxg5 hxg5 20. Qxg5+ Kd7 21. Qg7+ Ne7 22. Bb5+ Kc7 23. Qxe7+ Kb6 24. Qxe6+ Kxb5 25. Qxd5+ Kb6 26. b4 Rd8 27. Qc5+ Ka6 28. b5# 1-0

[Event "Pillsbury U1600"]
[Site "Gatineau CAN"]
[Date "2026.02.24"]
[Round "7"]
[White "Arcand, Pierre"]
[Black "Lattafi, Ilias"]
[Result "1-0"]
[WhiteElo "1250"]
[BlackElo "1213"]
[WhiteFideId "-1"]
[BlackFideId "-1"]
[PlyCount "75"]
[GameId "2282142221185190"]
[EventDate "2026.01.05"]
[EventType "swiss"]
[EventRounds "7"]
[EventCountry "CAN"]

1. e4 d5 2. exd5 Qxd5 3. Nc3 Qa5 4. Nf3 Nf6 5. h3 h5 6. d3 Bf5 7. Bd2 c6 8. Ne4 Qd8 9. Nxf6+ exf6 10. Qe2+ Be7 11. Bb4 Be6 12. Bc3 Qb6 13. Qd2 Nd7 14. Be2 O-O 15. O-O Nc5 16. Nd4 Rad8 17. Ba5 Qxb2 18. Bxd8 Rxd8 19. Nxe6 fxe6 20. Bxh5 Ne4 21. Qe2 Nc5 22. Rfd1 Kh7 23. Bf3 Nxd3 24. cxd3 Qxe2 25. Bxe2 f5 26. Bf3 Bf6 27. Rab1 Rd7 28. Kf1 Bc3 29. Rb3 Ba5 30. Ra3 Bb6 31. Ra4 e5 32. g4 fxg4 33. Be4+ Kh6 34. hxg4 Rf7 35. f3 Kg5 36. Kg2 Kf4 37. Bd5+ e4 38. Bxf7 1-0

[Event "Pillsbury U1600"]
[Site "Gatineau CAN"]
[Date "2026.02.24"]
[Round "7"]
[White "Hourigan, Phelan"]
[Black "Piche, Danielle"]
[Result "1-0"]
[WhiteElo "1107"]
[BlackElo "1091"]
[WhiteFideId "-1"]
[BlackFideId "-1"]
[PlyCount "47"]
[GameId "2282142221287591"]
[EventDate "2026.01.05"]
[EventType "swiss"]
[EventRounds "7"]
[EventCountry "CAN"]

1. e4 d5 2. exd5 Qxd5 3. Nc3 Qa5 4. Nf3 Nf6 5. d4 Bf5 6. Bd3 e6 7. O-O Bd6 8. Bg5 Nbd7 9. Qd2 c6 10. Rfe1 O-O 11. a3 Rfe8 12. b4 Qc7 13. h3 h6 14. Bh4 Nd5 15. Nxd5 exd5 16. Bxf5 b5 17. Rxe8+ Rxe8 18. Re1 Ra8 19. Qe2 Qb8 20. Bxd7 a5 21. Bxc6 Ra6 22. Qe8+ Qxe8 23. Rxe8+ Kh7 24. Bxd5 1-0

[Event "Ste-Foy 4 2025-26"]
[Site "Ste-Foy CAN"]
[Date "2026.01.12"]
[Round "1"]
[White "Blais, Pierre-Luc"]
[Black "Pepin, Pierre-Luc"]
[Result "1-0"]
[WhiteElo "1457"]
[BlackElo "1129"]
[WhiteFideId "-1"]
[BlackFideId "-1"]
[PlyCount "63"]
[GameId "2266559264608378"]
[EventDate "2026.01.12"]
[EventType "swiss"]
[EventRounds "5"]
[EventCountry "CAN"]
[TimeControl "5400+30"]

1. Nf3 d5 2. g3 g6 3. Bg2 Bg7 4. d3 c6 5. O-O Nf6 6. c3 b6 7. Nbd2 O-O 8. e4 dxe4 9. dxe4 Bb7 10. Qc2 Ba6 11. Re1 Qc7 12. Nb3 Rd8 13. Bf4 Qc8 14. Nbd4 Ng4 15. e5 c5 16. Nb3 Nc6 17. Bh3 Ne3 18. Bxc8 Nxc2 19. Bxa6 Nxa1 20. Rxa1 Rd7 21. e6 fxe6 22. Re1 Rad8 23. Rxe6 Rd1+ 24. Kg2 Rb1 25. Rxc6 Rxb2 26. Rc7 Bxc3 27. Rxa7 Rd1 28. Bh6 Kf7 29. Bc4+ Kf6 30. Ra8 e6 31. Re8 Kf7 32. Rxe6 1-0

[Event "Ste-Foy 4 2025-26"]
[Site "Ste-Foy CAN"]
[Date "2026.01.12"]
[Round "1"]
[White "Belanger, Mathieu-Olivier"]
[Black "Fleury, Dominic"]
[Result "1-0"]
[WhiteElo "1929"]
[BlackElo "1327"]
[WhiteFideId "-1"]
[BlackFideId "-1"]
[PlyCount "61"]
[GameId "2266558667776010"]
[EventDate "2026.01.12"]
[EventType "swiss"]
[EventRounds "5"]
[EventCountry "CAN"]
[TimeControl "5400+30"]

1. e4 e5 2. Nf3 Nc6 3. Bc4 Bc5 4. c3 Nf6 5. d4 exd4 6. e5 Ng4 7. cxd4 Bb4+ 8. Nc3 Bxc3+ 9. bxc3 d5 10. Bd3 Nh6 11. Bxh6 gxh6 12. Qd2 Ne7 13. Qxh6 Bf5 14. Qf6 Bxd3 15. Qxh8+ Kd7 16. Qxd8+ Rxd8 17. Kd2 Bc4 18. g4 Rg8 19. Rhe1 Rg6 20. h4 Rb6 21. Reb1 Rxb1 22. Rxb1 b5 23. Ng5 Ng6 24. h5 Nf4 25. Nxf7 a5 26. a3 c6 27. Ng5 Ke7 28. Nf3 h6 29. Nh4 Ke6 30. Ng6 Bd3 31. Nxf4+ 1-0

[Event "Ste-Foy 4 2025-26"]
[Site "Ste-Foy CAN"]
[Date "2026.01.12"]
[Round "1"]
[White "Chaouli, Mehdi"]
[Black "Grimard, Carl"]
[Result "0-1"]
[WhiteElo "1065"]
[BlackElo "1410"]
[WhiteFideId "-1"]
[BlackFideId "-1"]
[PlyCount "60"]
[GameId "2266559324004486"]
[EventDate "2026.01.12"]
[EventType "swiss"]
[EventRounds "5"]
[EventCountry "CAN"]
[TimeControl "5400+30"]

1. e4 c5 2. Nf3 d6 3. Bc4 e6 4. Nc3 a6 5. a4 Nf6 6. d4 cxd4 7. Nxd4 Nxe4 8. Qf3 Nxc3 9. bxc3 d5 10. Bd3 e5 11. Qe3 e4 12. Be2 Be7 13. O-O O-O 14. Ba3 Nc6 15. Nxc6 bxc6 16. c4 f5 17. Bxe7 Qxe7 18. Rfd1 f4 19. Qb3 Be6 20. cxd5 cxd5 21. c4 dxc4 22. Bxc4 Bxc4 23. Qxc4+ Kh8 24. Re1 e3 25. f3 Qe5 26. Rad1 Rfd8 27. Rxd8+ Rxd8 28. Qxa6 Qb2 29. Qe2 Rd2 30. Qc4 Rxg2+ 0-1

[Event "Ste-Foy 4 2025-26"]
[Site "Ste-Foy CAN"]
[Date "2026.01.12"]
[Round "1"]
[White "Descheenes, Andre-Philippe"]
[Black "Potvin, Alain-Nicolas"]
[Result "0-1"]
[WhiteElo "1252"]
[BlackElo "1701"]
[WhiteFideId "-1"]
[BlackFideId "-1"]
[PlyCount "64"]
[GameId "2266558919176254"]
[EventDate "2026.01.12"]
[EventType "swiss"]
[EventRounds "5"]
[EventCountry "CAN"]
[TimeControl "5400+30"]

1. d4 g6 2. e3 Nf6 3. Nf3 Bg7 4. Bd3 d6 5. Nbd2 O-O 6. b3 c5 7. Bb2 Nc6 8. a3 Qa5 9. O-O cxd4 10. Nc4 Qh5 11. Nxd4 Bg4 12. f3 Bd7 13. e4 Nxd4 14. Bxd4 Ng4 15. fxg4 Bxd4+ 16. Kh1 Bxg4 17. Qc1 Bxa1 18. Qxa1 Be2 19. Re1 Bxd3 20. cxd3 Rac8 21. Ne3 e6 22. d4 Qh4 23. Nc4 d5 24. exd5 exd5 25. Nd6 Rc2 26. Nxb7 Qf2 27. Rg1 Re8 28. Nd6 Ree2 29. Qf1 Qxf1 30. Rxf1 Rxg2 31. Nxf7 Rxh2+ 32. Kg1 Rcg2# 0-1

[Event "Ste-Foy 4 2025-26"]
[Site "Ste-Foy CAN"]
[Date "2026.01.12"]
[Round "1"]
[White "Houde, Louis-Thomas"]
[Black "Godin, Francois"]
[Result "1-0"]
[WhiteElo "1390"]
[BlackElo "1038"]
[WhiteFideId "-1"]
[BlackFideId "-1"]
[PlyCount "64"]
[GameId "2266559388786834"]
[EventDate "2026.01.12"]
[EventType "swiss"]
[EventRounds "5"]
[EventCountry "CAN"]
[TimeControl "5400+30"]

1. e4 c5 2. c3 e6 3. d4 cxd4 4. cxd4 d5 5. e5 Nc6 6. Nf3 Be7 7. Bd3 a5 8. a3 Qb6 9. Bc2 Bd7 10. Nc3 Bd8 11. Rb1 Nge7 12. O-O O-O 13. Qd3 Nf5 14. g4 Ncxd4 15. Be3 Bb5 16. Nxb5 Qxb5 17. Qxb5 Nxb5 18. gxf5 exf5 19. Bxf5 Ra6 20. Bc5 Re8 21. Bd7 Be7 22. Bxe8 Rg6+ 23. Kh1 Bxc5 24. Bxb5 Kf8 25. Rbc1 b6 26. b4 axb4 27. axb4 Re6 28. bxc5 bxc5 29. Rxc5 f6 30. Rxd5 h6 31. Rd8+ Ke7 32. Re8+ Kf7 1-0

[Event "Ste-Foy 4 2025-26"]
[Site "Ste-Foy CAN"]
[Date "2026.01.12"]
[Round "1"]
[White "Laurendeau, Alfred"]
[Black "Couture, Francois"]
[Result "1-0"]
[WhiteElo "1553"]
[BlackElo "1216"]
[WhiteFideId "-1"]
[BlackFideId "-1"]
[PlyCount "95"]
[GameId "2266559130992738"]
[EventDate "2026.01.12"]
[EventType "swiss"]
[EventRounds "5"]
[EventCountry "CAN"]

1. Nf3 Nf6 2. g3 g6 3. b3 Bg7 4. Bb2 O-O 5. Bg2 d6 6. O-O Nc6 7. d4 Bf5 8. Nh4 Qd7 9. Nxf5 Qxf5 10. Nd2 Rab8 11. e4 Qd7 12. d5 Ne5 13. Qe2 c6 14. f4 Qg4 15. Qf2 Ned7 16. h3 Qh5 17. g4 Nxg4 18. hxg4 Qxg4 19. Bxg7 Kxg7 20. Rae1 e5 21. fxe5 Nxe5 22. Qf6+ Kg8 23. Rf4 Qh5 24. Qh4 Qxh4 25. Rxh4 c5 26. Nf3 f6 27. Nxe5 fxe5 28. Re3 Rf7 29. Bh3 Kg7 30. Be6 Rf6 31. Reh3 h5 32. Rg3 Kh6 33. Rh2 Rbf8 34. Rhg2 a5 35. a3 b5 36. b4 axb4 37. axb4 Ra8 38. bxc5 dxc5 39. Rg5 b4 40. Rxe5 c4 41. Reg5 b3 42. cxb3 cxb3 43. e5 Ra2 44. exf6 b2 45. Rxg6+ Kh7 46. Rg7+ Kh8 47. Rg8+ Kh7 48. R2g7+ 1-0

[Event "Ste-Foy 4 2025-26"]
[Site "Ste-Foy CAN"]
[Date "2026.01.12"]
[Round "1"]
[White "Lebel, Michel"]
[Black "Wafer, Jacques"]
[Result "0-1"]
[WhiteElo "1024"]
[BlackElo "1389"]
[WhiteFideId "-1"]
[BlackFideId "-1"]
[PlyCount "62"]
[GameId "2266559456952478"]
[EventDate "2026.01.12"]
[EventType "swiss"]
[EventRounds "5"]
[EventCountry "CAN"]
[TimeControl "5400+30"]

1. e4 d6 2. Nf3 e5 3. d4 Nd7 4. Bc4 Be7 5. a4 Ngf6 6. Nc3 c6 7. O-O h6 8. Bd2 Qc7 9. Qe2 Nb6 10. Bb3 Bg4 11. Qd3 g5 12. Ne2 Be6 13. Bxe6 fxe6 14. b3 O-O-O 15. Bc3 g4 16. Nd2 c5 17. dxe5 dxe5 18. Qg3 Bd6 19. Rad1 h5 20. a5 Nbd7 21. f3 h4 22. Qf2 Rdf8 23. Nc4 Ne8 24. Nxd6+ Nxd6 25. Bxe5 Nxe5 26. f4 Nxe4 27. Qe3 Qc6 28. fxe5 h3 29. Rxf8+ Rxf8 30. gxh3 Nf2 31. Rf1 Qh1# 0-1

[Event "Ste-Foy 4 2025-26"]
[Site "Ste-Foy CAN"]
[Date "2026.01.12"]
[Round "1"]
[White "Lescarbeau, Martin"]
[Black "Aguilar Balzano, Sebastian"]
[Result "1-0"]
[WhiteElo "1734"]
[BlackElo "1264"]
[WhiteFideId "-1"]
[BlackFideId "-1"]
[PlyCount "69"]
[GameId "2266558836650034"]
[EventDate "2026.01.12"]
[EventType "swiss"]
[EventRounds "5"]
[EventCountry "CAN"]
[TimeControl "5400+30"]

1. e4 e6 2. d4 d5 3. e5 c5 4. c3 Nc6 5. Nf3 Nge7 6. a3 Nf5 7. b4 cxd4 8. cxd4 Qb6 9. Bb2 Be7 10. Be2 Bd7 11. b5 Na5 12. Nc3 O-O 13. Na4 Qd8 14. Nc5 b6 15. Nxd7 Qxd7 16. O-O Rac8 17. Nd2 Rc7 18. Qa4 Rfc8 19. Bd3 h5 20. Rfc1 Bg5 21. Rxc7 Rxc7 22. Nf3 Bh6 23. h3 Nc4 24. Bxc4 Rxc4 25. Qb3 Qc8 26. g4 hxg4 27. hxg4 g5 28. gxf5 exf5 29. Nd2 Rc2 30. Nf3 f4 31. e6 fxe6 32. Ne5 Rc7 33. Qd3 Kh8 34. Kg2 Rg7 35. Rh1 1-0

[Event "Ste-Foy 4 2025-26"]
[Site "Ste-Foy CAN"]
[Date "2026.01.12"]
[Round "1"]
[White "Monat, Henri"]
[Black "Kriuchkov, Dmytro"]
[Result "0-1"]
[WhiteElo "1159"]
[BlackElo "1471"]
[WhiteFideId "-1"]
[BlackFideId "-1"]
[PlyCount "24"]
[GameId "2266559194808430"]
[EventDate "2026.01.12"]
[EventType "swiss"]
[EventRounds "5"]
[EventCountry "CAN"]
[TimeControl "5400+30"]

1. e4 c6 2. d4 d5 3. exd5 cxd5 4. Nc3 Nf6 5. Be3 g6 6. Qd2 Nc6 7. Bh6 Bf5 8. f3 Bxh6 9. Qxh6 Nxd4 10. O-O-O e5 11. Qg7 Rg8 12. Qxh7 Nxh7 0-1

[Event "Ste-Foy 4 2025-26"]
[Site "Ste-Foy CAN"]
[Date "2026.01.12"]
[Round "1"]
[White "Poitras, Marc"]
[Black "Cassista, Jeremie"]
[Result "0-1"]
[WhiteElo "1312"]
[BlackElo "1776"]
[WhiteFideId "-1"]
[BlackFideId "-1"]
[PlyCount "91"]
[GameId "2266558761607206"]
[EventDate "2026.01.12"]
[EventType "swiss"]
[EventRounds "5"]
[EventCountry "CAN"]
[TimeControl "5400+30"]

1. d4 d5 2. c4 Nf6 3. Bf4 g6 4. Nf3 Bg7 5. Nc3 O-O 6. Qd2 c6 7. Ng5 Re8 8. e3 Nh5 9. Be5 Bh6 10. Nf3 f6 11. Bxb8 Rxb8 12. h3 Be6 13. g4 Ng7 14. g5 Bxg5 15. Nxg5 fxg5 16. e4 dxc4 17. O-O-O b5 18. d5 cxd5 19. exd5 Bf5 20. Qxg5 Qb6 21. Qg2 b4 22. Ne4 c3 23. b3 Bxe4 24. Qxe4 Qxf2 25. Be2 Nf5 26. Kb1 c2+ 27. Kxc2 Ne3+ 28. Kd2 Nxd1 29. Rf1 Qe3+ 30. Qxe3 Nxe3 31. Kxe3 Rf8 32. Rc1 Rbc8 33. Bc4 Kg7 34. Rc2 Rf1 35. Rg2 Rf5 36. Rg4 Kf6 37. h4 h5 38. Rd4 g5 39. d6 exd6 40. Rxd6+ Ke7 41. Re6+ Kd7 42. Rh6 Re8+ 43. Kd2 gxh4 44. Rh7+ Re7 45. Rh6 h3 46. Bf1 0-1